[Event "Titled Tue 1st Jul Late"]
[Site "chess.com INT"]
[Date "2025.07.01"]
[Round "9"]
[White "Shymanskyi, Oleksandr"]
[Black "Manukyan, Sargis A."]
[Result "0-1"]
[WhiteTitle "FM"]
[BlackTitle "FM"]
[WhiteElo "2218"]
[BlackElo "2294"]
[WhiteFideId "14168880"]
[BlackFideId "13303970"]
[EventDate "2025.07.01"]

1. b3 d5 2. Bb2 e6 3. e3 Nf6 4. f4 c5 5. Nf3 Nc6 6. Bd3 Be7 7. O-O O-O 8. Ne5 d4
9. Nxc6 bxc6 10. e4 a5 11. a4 Ba6 12. Bxa6 Rxa6 13. d3 c4 14. bxc4 c5 15. Na3
Nd7 16. Nb5 f5 17. e5 g5 18. Bc1 g4 19. g3 h5 20. Bb2 h4 21. c3 dxc3 22. Bxc3
Kf7 23. Kf2 Rh8 24. Rh1 Ra8 25. Qd2 Qc8 26. Rab1 Qc6 27. Qe3 hxg3+ 28. Qxg3 Bh4
29. Nd6+ Kg6 30. Rhg1 Bxg3+ 31. hxg3 Qf3+ 32. Ke1 Rh2 0-1

[Event "Titled Tue 1st Jul Late"]
[Site "chess.com INT"]
[Date "2025.07.01"]
[Round "9"]
[White "Miserendino, Alfredo"]
[Black "Reinecke, Katharina"]
[Result "1/2-1/2"]
[BlackTitle "WCM"]
[WhiteElo "2032"]
[BlackElo "1921"]
[WhiteFideId "101800"]
[BlackFideId "12929727"]
[EventDate "2025.07.01"]

1. e4 c6 2. d4 d5 3. Nc3 b5 4. exd5 b4 5. Ne4 cxd5 6. Bb5+ Bd7 7. Bxd7+ Nxd7 8.
Nc5 Nxc5 9. dxc5 e6 10. Be3 Rc8 11. Qg4 Qa5 12. b3 Nf6 13. Qg3 Ne4 14. Qg4 Nxc5
15. Nf3 Ne4 16. O-O Nf6 17. Qg5 Ne4 18. Qg4 Nf6 19. Qg5 Ne4 20. Qg4 1/2-1/2

[Event "Titled Tue 1st Jul Late"]
[Site "chess.com INT"]
[Date "2025.07.01"]
[Round "9"]
[White "Guha, Eshan"]
[Black "Faryma, Matviy"]
[Result "1-0"]
[WhiteElo "2071"]
[BlackElo "2230"]
[WhiteFideId "30958628"]
[BlackFideId "1961578"]
[EventDate "2025.07.01"]

1. Nf3 b6 2. g3 Bb7 3. Bg2 e5 4. O-O d6 5. d4 Nd7 6. b3 Qe7 7. Bb2 O-O-O 8. a4
h5 9. a5 h4 10. axb6 axb6 11. Nxh4 g5 12. Bxb7+ Kxb7 13. Qd3 gxh4 14. Qa6+ Kc6
15. d5+ Kc5 16. Qc4# 1-0

[Event "Titled Tue 1st Jul Late"]
[Site "chess.com INT"]
[Date "2025.07.01"]
[Round "9"]
[White "Marichal Gonzalez, Ariel"]
[Black "Borges, Wagner da Silva"]
[Result "1-0"]
[WhiteTitle "IM"]
[BlackTitle "CM"]
[WhiteElo "2268"]
[BlackElo "2062"]
[WhiteFideId "3503232"]
[BlackFideId "2100401"]
[EventDate "2025.07.01"]

1. d4 Nf6 2. c4 g6 3. Nc3 d5 4. cxd5 Nxd5 5. e4 Nxc3 6. bxc3 Bg7 7. Nf3 O-O 8.
h3 c5 9. Be2 Nc6 10. Be3 cxd4 11. cxd4 Qa5+ 12. Bd2 Qa3 13. d5 Bxa1 14. Qxa1 Nb4
15. O-O f6 16. Bc4 Kg7 17. Nd4 Bd7 18. Rb1 Na6 19. Rxb7 Nc5 20. Bb4 Qa4 21. Bxc5
Qxc4 22. Rxd7 Qxc5 23. Ne6+ Kg8 24. Nxc5 Rac8 25. Ne6 Rf7 26. Qd4 a5 27. Rd8+
Rxd8 28. Nxd8 Rf8 29. Ne6 Ra8 30. Qc5 Kf7 31. Nc7 Rb8 32. Qc6 Rb1+ 33. Kh2 Kg7
34. Qe8 Kh6 35. Qxe7 f5 36. Ne6 1-0

[Event "Titled Tue 1st Jul Late"]
[Site "chess.com INT"]
[Date "2025.07.01"]
[Round "9"]
[White "Guerrero Cataldo, Juan Andres"]
[Black "Avalos Parra, Joao"]
[Result "0-1"]
[WhiteTitle "CM"]
[BlackTitle "FM"]
[WhiteElo "2082"]
[BlackElo "2150"]
[WhiteFideId "3421260"]
[BlackFideId "3402541"]
[EventDate "2025.07.01"]

1. d4 d5 2. Nf3 Nf6 3. g3 e6 4. Bg2 b5 5. O-O Be7 6. b3 O-O 7. Bb2 Bb7 8. Ne5
Nbd7 9. c4 Nxe5 10. dxe5 Ne4 11. cxb5 Qd7 12. a4 Rfd8 13. Nd2 Nxd2 14. Qxd2 a6
15. bxa6 Bxa6 16. b4 Bc4 17. Rfc1 Rxa4 18. Rxa4 Qxa4 19. Bc3 Rb8 20. Rb1 Qb5 21.
e3 c5 22. e4 cxb4 23. exd5 Bxd5 24. Bxd5 exd5 25. e6 fxe6 26. Qe3 Qc6 27. Be5
Rc8 28. Re1 Bc5 29. Qg5 Qd7 30. h4 Rf8 31. Bb2 Bxf2+ 32. Kf1 Be3+ 0-1

[Event "Titled Tue 1st Jul Late"]
[Site "chess.com INT"]
[Date "2025.07.01"]
[Round "9"]
[White "Piliposyan, Robert"]
[Black "Villa Tornero, Alex"]
[Result "1-0"]
[WhiteTitle "IM"]
[BlackTitle "FM"]
[WhiteElo "2416"]
[BlackElo "2211"]
[WhiteFideId "13309978"]
[BlackFideId "54501091"]
[EventDate "2025.07.01"]

1. e4 Nf6 2. Nc3 d5 3. exd5 Nxd5 4. Qf3 c6 5. Bc4 Be6 6. Nge2 Nd7 7. d4 N7b6 8.
Bb3 g6 9. Ne4 Bg7 10. Ng5 O-O 11. Nxe6 fxe6 12. Qe4 a5 13. Qxe6+ Kh8 14. a4 Rc8
15. O-O c5 16. dxc5 Rxc5 17. c3 Rf6 18. Qe4 Rcc6 19. Nd4 Rcd6 20. Bg5 Rf7 21.
Ne6 Qg8 22. Nxg7 Qxg7 23. Rad1 e6 24. c4 Rf5 25. cxd5 Rxg5 26. dxe6 Re5 27. Rxd6
Rxe4 28. Rd8+ Qg8 29. e7 1-0

[Event "Titled Tue 1st Jul Late"]
[Site "chess.com INT"]
[Date "2025.07.01"]
[Round "9"]
[White "Stevik, Patrik"]
[Black "Budzisz, Adrian"]
[Result "0-1"]
[WhiteTitle "FM"]
[BlackTitle "CM"]
[WhiteElo "2314"]
[BlackElo "2100"]
[WhiteFideId "14944812"]
[BlackFideId "21860238"]
[EventDate "2025.07.01"]

1. Nf3 d5 2. g3 c6 3. Bg2 Bf5 4. O-O Nd7 5. d3 e6 6. c4 Be7 7. Qb3 Nc5 8. Qc2
dxc4 9. Qxc4 Nf6 10. Be3 Ncd7 11. Nc3 O-O 12. Nh4 Bg4 13. h3 Bh5 14. g4 Nd5 15.
gxh5 Nxe3 16. fxe3 Bxh4 17. Qb3 Qg5 18. Nd1 Qxh5 19. Qxb7 Ne5 20. d4 Nc4 21.
Qxc6 Qxe2 22. Qf3 Qxf3 23. Bxf3 Rab8 24. b3 Nd2 25. Nc3 Nxf1 26. Rxf1 Rfc8 27.
Ne4 Rc2 28. Nd6 Rxa2 29. b4 Bg3 30. Nxf7 Kxf7 31. Bd5+ Bf2+ 0-1

[Event "Titled Tue 1st Jul Late"]
[Site "chess.com INT"]
[Date "2025.07.01"]
[Round "9"]
[White "Vijayakumar, Rishi"]
[Black "Romero Ruscalleda, Josep"]
[Result "0-1"]
[WhiteTitle "FM"]
[BlackTitle "FM"]
[WhiteElo "2333"]
[BlackElo "2110"]
[WhiteFideId "2408953"]
[BlackFideId "2231859"]
[EventDate "2025.07.01"]

1. d4 g6 2. e4 Bg7 3. Nc3 d6 4. Be3 a6 5. h4 Nf6 6. h5 Nxh5 7. Rxh5 gxh5 8. Qxh5
Nc6 9. O-O-O e5 10. Bc4 Qd7 11. Qg5 Qg4 12. Nf3 Qxg5 13. Nxg5 exd4 14. Nd5 dxe3
15. Nxc7+ Ke7 16. Nxa8 Bh6 17. f4 Bg4 18. Nf3 Rxa8 0-1

[Event "Titled Tue 1st Jul Late"]
[Site "chess.com INT"]
[Date "2025.07.01"]
[Round "9"]
[White "Cruz Mendez, Jean Marco"]
[Black "Colville, Julian"]
[Result "0-1"]
[WhiteTitle "FM"]
[BlackTitle "FM"]
[WhiteElo "2222"]
[BlackElo "2268"]
[WhiteFideId "3526402"]
[BlackFideId "30963273"]
[EventDate "2025.07.01"]

1. d4 Nf6 2. Nf3 e6 3. e3 b6 4. Bd3 Bb7 5. O-O Be7 6. c4 O-O 7. Nc3 d5 8. b3 c5
9. cxd5 Nxd5 10. Nxd5 Qxd5 11. dxc5 Bxc5 12. Bb2 Qh5 13. Qe2 Nd7 14. Rfd1 Rfd8
15. a3 Nf6 16. b4 Bd6 17. h3 Nd5 18. Rac1 Rac8 19. Nd4 Qg5 20. Rxc8 Rxc8 21. Qf3
Ba8 22. Be4 Qe5 23. g3 f5 24. Nxf5 Qxb2 25. Nxd6 Rf8 26. Bxh7+ Kxh7 27. Qxf8
Nxe3 28. Re1 Qd2 29. Rb1 Nd1 30. Ne8 Qe1+ 0-1

[Event "Titled Tue 1st Jul Late"]
[Site "chess.com INT"]
[Date "2025.07.01"]
[Round "9"]
[White "Alazmi, Amani"]
[Black "Li, Xueyi"]
[Result "1-0"]
[WhiteTitle "WCM"]
[BlackTitle "WGM"]
[WhiteElo "1725"]
[BlackElo "2220"]
[WhiteFideId "10303553"]
[BlackFideId "8605912"]
[EventDate "2025.07.01"]

1. e4 c6 2. c4 d5 3. cxd5 cxd5 4. exd5 Nf6 5. Bb5+ Nbd7 6. Nc3 a6 7. Bxd7+ Qxd7
8. Qb3 e6 9. dxe6 Qxe6+ 10. Qxe6+ Bxe6 11. Nf3 Bb4 12. O-O Bxc3 13. dxc3 O-O 14.
Nd4 Rfe8 15. Nxe6 Rxe6 16. h3 h6 17. Be3 Rd8 18. Rad1 Red6 19. Rxd6 Rxd6 20. Bd4
Kf8 21. Bc5 Ne4 22. Bxd6+ Nxd6 23. Re1 f5 24. Re6 Nf7 25. Rb6 Nd8 26. Rd6 Ke7
27. Rd5 g6 28. Kf1 1-0

[Event "Titled Tue 1st Jul Late"]
[Site "chess.com INT"]
[Date "2025.07.01"]
[Round "9"]
[White "Zapata Romero, Italo German"]
[Black "Romany, Joy"]
[Result "1-0"]
[WhiteTitle "CM"]
[BlackTitle "WIM"]
[WhiteElo "2041"]
[BlackElo "1960"]
[WhiteFideId "3842517"]
[BlackFideId "10656820"]
[EventDate "2025.07.01"]

1. c4 Nf6 2. g3 c6 3. Bg2 d5 4. b3 g6 5. Bb2 Bg7 6. Nf3 O-O 7. O-O Bf5 8. d3 Na6
9. Nbd2 Nc7 10. Qc2 dxc4 11. bxc4 Ne6 12. e4 Bg4 13. h3 Bxf3 14. Nxf3 c5 15. a4
Nd4 16. Nxd4 cxd4 17. Ba3 Re8 18. Rab1 Rb8 19. Rb5 a6 20. Rb2 Nd7 21. Rfb1 Qc7
22. Qd2 Rec8 23. Bxe7 Nb6 24. Qb4 Nd7 25. Bd6 Qc6 26. e5 1-0

[Event "Titled Tue 1st Jul Late"]
[Site "chess.com INT"]
[Date "2025.07.01"]
[Round "9"]
[White "Rodriguez, Santiago"]
[Black "Silvestre, Christian"]
[Result "0-1"]
[WhiteTitle "CM"]
[WhiteElo "2252"]
[BlackElo "1992"]
[WhiteFideId "3000591"]
[BlackFideId "30956269"]
[EventDate "2025.07.01"]

1. e4 c5 2. Nc3 Nc6 3. Bb5 e5 4. Bxc6 dxc6 5. d3 Bd6 6. Nge2 Qc7 7. O-O Ne7 8.
f4 exf4 9. Bxf4 Ng6 10. Bxd6 Qxd6 11. Ng3 O-O 12. Nf5 Bxf5 13. exf5 Ne5 14. f6
Ng6 15. Ne4 Qd4+ 16. Kh1 Qxb2 17. Qh5 h6 18. Rab1 Qe5 19. Qxe5 Nxe5 20. Rxb7
Rfb8 21. Rfb1 Rxb7 22. Rxb7 c4 23. d4 Ng4 24. fxg7 Re8 25. h3 Rxe4 26. hxg4 Rxd4
27. Rxa7 Rd2 28. Rd7 Rxd7 0-1

[Event "Titled Tue 1st Jul Late"]
[Site "chess.com INT"]
[Date "2025.07.01"]
[Round "9"]
[White "Cernov, Henrik"]
[Black "Salinas Herrera, Pablo"]
[Result "0-1"]
[WhiteTitle "FM"]
[BlackTitle "GM"]
[WhiteElo "2325"]
[BlackElo "2447"]
[WhiteFideId "16258312"]
[BlackFideId "3407128"]
[EventDate "2025.07.01"]

1. e4 c5 2. Nf3 e6 3. d4 cxd4 4. Nxd4 a6 5. Nc3 Qc7 6. Qd3 Nf6 7. Be2 d6 8. Qg3
Nbd7 9. Be3 b5 10. a3 Bb7 11. f3 Rc8 12. O-O d5 13. Qh4 e5 14. Nf5 d4 15. Nxd4
exd4 16. Bxd4 Bc5 17. Bxc5 Qxc5+ 18. Kh1 O-O 19. Rad1 Ne5 20. Rd2 b4 21. axb4
Qxb4 22. Qg5 Qxb2 23. Nd1 Qa1 24. Ne3 Qc3 25. Nf5 Ng6 26. h4 h6 27. Nxh6+ gxh6
28. Qxh6 Rc5 29. g4 Nxg4 30. fxg4 Qh3+ 31. Kg1 Qg3+ 32. Kh1 Bxe4+ 0-1

[Event "Titled Tue 1st Jul Late"]
[Site "chess.com INT"]
[Date "2025.07.01"]
[Round "9"]
[White "Bucci, Andrea"]
[Black "Moreira, Ronaldo Alonso"]
[Result "0-1"]
[WhiteElo "1526"]
[BlackElo "2094"]
[WhiteFideId "28546890"]
[BlackFideId "2110547"]
[EventDate "2025.07.01"]

1. e4 e6 2. d3 d5 3. Nd2 Nf6 4. Ngf3 Nc6 5. g3 dxe4 6. dxe4 e5 7. Bg2 Bc5 8. O-O
Qe7 9. c3 a5 10. Qc2 b6 11. Rd1 Ng4 12. Rf1 Ba6 13. c4 O-O 14. b3 Nb4 15. Qc3
Bxf2+ 16. Rxf2 Qc5 17. Nd4 exd4 18. Qf3 Nxf2 19. Kxf2 d3+ 20. Kf1 Bb7 21. Bb2 f5
22. e5 Bxf3 23. Bxf3 Rad8 24. Kg2 Nc2 25. Rc1 Qe3 26. Nf1 Ne1+ 27. Rxe1 Qxe1 28.
Ba3 d2 29. Nxd2 Rxd2+ 30. Kh3 Qf2 31. Bd5+ Rxd5 32. cxd5 Qd4 33. Bxf8 Kxf8 34.
e6 Qxd5 35. Kh4 Qxe6 36. h3 Qh6# 0-1

[Event "Titled Tue 1st Jul Late"]
[Site "chess.com INT"]
[Date "2025.07.01"]
[Round "9"]
[White "Niemann, Hans Moke"]
[Black "Shankland, Sam"]
[Result "1/2-1/2"]
[WhiteTitle "GM"]
[BlackTitle "GM"]
[WhiteElo "2736"]
[BlackElo "2666"]
[WhiteFideId "2093596"]
[BlackFideId "2004887"]
[EventDate "2025.07.01"]

1. e4 c5 2. Nf3 d6 3. Bb5+ Bd7 4. Bxd7+ Nxd7 5. c4 Ngf6 6. Nc3 g6 7. d3 Bg7 8.
h3 O-O 9. O-O a6 10. a4 e6 11. Be3 Qe7 12. Qe2 Rfd8 13. Rae1 d5 14. exd5 exd5
15. cxd5 Nb6 16. Qc2 Nbxd5 17. Nxd5 Rxd5 18. d4 cxd4 19. Bxd4 Qd7 20. Bc3 Rc8
21. Qb3 b5 22. axb5 Qxb5 23. Qa2 Rd7 24. Ra1 Ne4 25. Bxg7 Kxg7 26. Qxa6 Qxa6 27.
Rxa6 Rc2 28. b4 Nd2 29. Nxd2 Rdxd2 30. Ra3 Rb2 31. Rf3 Rxb4 32. g3 Rb6 33. Kg2
Rf6 1/2-1/2

[Event "Titled Tue 1st Jul Late"]
[Site "chess.com INT"]
[Date "2025.07.01"]
[Round "9"]
[White "Shuvalov, Evgenij"]
[Black "Jing, Andrew"]
[Result "0-1"]
[BlackTitle "FM"]
[WhiteElo "1986"]
[BlackElo "2292"]
[WhiteFideId "4187237"]
[BlackFideId "30984076"]
[EventDate "2025.07.01"]

1. d4 Nf6 2. c4 g6 3. Nc3 Bg7 4. e4 d6 5. Nf3 O-O 6. Be2 e5 7. O-O Nfd7 8. Re1
Nc6 9. dxe5 dxe5 10. Be3 Nb6 11. c5 Nd7 12. Bc4 Nf6 13. h3 Nh5 14. Qxd8 Nxd8 15.
Nb5 c6 16. Nd6 Be6 17. Bxe6 Nxe6 18. Nxb7 Rab8 19. Na5 Rxb2 20. Nxc6 Ra8 21. a4
Bf8 22. Rac1 f6 23. Red1 Nhf4 24. Bxf4 Nxf4 25. Kf1 Rc8 26. Nxa7 Rxc5 27. Nb5
Rxc1 28. Rxc1 Nd3 29. Rc8 Rxf2+ 30. Kg1 Kg7 31. Rd8 Bc5 32. Kh2 Nf4 33. Ne1 Bb4
34. Rd7+ Kh6 35. Nd3 Rxg2+ 36. Kh1 Rd2 37. Rxh7+ Kxh7 38. Nxb4 Nxh3 39. Nd5 Nf2+
40. Kg1 Nxe4 41. Ne3 Ra2 42. Nc7 Rxa4 43. Ncd5 f5 0-1

[Event "Titled Tue 1st Jul Late"]
[Site "chess.com INT"]
[Date "2025.07.01"]
[Round "9"]
[White "Schmider, Niklas"]
[Black "Assylov, Miras"]
[Result "1-0"]
[WhiteTitle "IM"]
[BlackTitle "FM"]
[WhiteElo "2421"]
[BlackElo "2319"]
[WhiteFideId "12993778"]
[BlackFideId "13728873"]
[EventDate "2025.07.01"]

1. e4 d5 2. exd5 Nf6 3. d4 Nxd5 4. c4 Nb6 5. Nf3 Bg4 6. Be2 c6 7. Be3 Bxf3 8.
gxf3 e6 9. Nc3 N8d7 10. Qd2 Nf6 11. O-O-O Qd7 12. Rhg1 O-O-O 13. Kb1 Kb8 14. Ne4
Ka8 15. Qa5 Nc8 16. d5 exd5 17. Nxf6 gxf6 18. cxd5 cxd5 19. Bb5 Qd6 20. Rc1 b6
21. Qa6 Kb8 22. Bc6 Qe7 23. Bf4+ Nd6 24. Rge1 Qc7 25. Bxd5 Rc8 26. Rxc7 Rxc7 27.
Re8+ Nxe8 28. Qb7# 1-0

[Event "Titled Tue 1st Jul Late"]
[Site "chess.com INT"]
[Date "2025.07.01"]
[Round "9"]
[White "Ismayilova, Khanim"]
[Black "Vazelakis, Dimitrios"]
[Result "0-1"]
[WhiteTitle "WCM"]
[WhiteElo "1971"]
[BlackElo "1857"]
[WhiteFideId "13429019"]
[BlackFideId "4203674"]
[EventDate "2025.07.01"]

1. e4 Nf6 2. e5 Nd5 3. d4 d6 4. Nf3 dxe5 5. dxe5 Bg4 6. c4 Nb4 7. Qxd8+ Kxd8 8.
Na3 Bxf3 9. gxf3 e6 10. Bg5+ Be7 11. O-O-O+ Ke8 12. Bxe7 Kxe7 13. Nb5 N4a6 14.
f4 Nc6 15. Bg2 Nab4 16. a3 a6 17. Nxc7 Rac8 18. Nxe6 Na2+ 19. Kb1 fxe6 20. Kxa2
Rhf8 21. Rd6 Rxf4 22. Rhd1 Rc7 23. Bh3 Rxf2 24. Rxe6+ Kf7 25. Red6 Nxe5 26. Be6+
Ke7 27. Re1 Kxd6 28. Bd5 Nxc4 0-1

[Event "Titled Tue 1st Jul Late"]
[Site "chess.com INT"]
[Date "2025.07.01"]
[Round "9"]
[White "Siekanska, Zuzanna"]
[Black "Jakovljevic, Dejan"]
[Result "1-0"]
[WhiteTitle "WCM"]
[BlackTitle "CM"]
[WhiteElo "1864"]
[BlackElo "1956"]
[WhiteFideId "21852537"]
[BlackFideId "949418"]
[EventDate "2025.07.01"]

1. e4 e6 2. d4 d5 3. e5 c5 4. Nf3 Nc6 5. Bb5 Bd7 6. Bxc6 bxc6 7. O-O cxd4 8.
Nxd4 c5 9. Ne2 Ne7 10. b3 Nf5 11. Ng3 Nxg3 12. fxg3 Bb5 13. Rf4 Be7 14. Nc3 Bc6
15. Rg4 g6 16. Bh6 Bf8 17. Bxf8 Kxf8 18. Qf1 Kg7 19. Rf4 Rf8 20. Rd1 f5 21.
exf6+ Rxf6 22. Ne4 Rxf4 23. Qxf4 Qe7 24. Qe5+ Kg8 25. Nf6+ Kf7 26. Rf1 Qd8 27.
Nxd5+ Ke8 28. Qxe6+ Qe7 29. Qxe7# 1-0

[Event "Titled Tue 1st Jul Late"]
[Site "chess.com INT"]
[Date "2025.07.01"]
[Round "9"]
[White "Akhayan, Ruben"]
[Black "Al Busaidi, Hamood"]
[Result "1/2-1/2"]
[WhiteTitle "FM"]
[BlackTitle "CM"]
[WhiteElo "2265"]
[BlackElo "2028"]
[WhiteFideId "204439"]
[BlackFideId "22006230"]
[EventDate "2025.07.01"]

1. Nf3 Nf6 2. d4 g6 3. Nc3 d5 4. Bf4 a6 5. e3 Bg7 6. h3 O-O 7. Be2 c5 8. O-O Nc6
9. Ne5 Re8 10. Nxc6 bxc6 11. dxc5 Nd7 12. Na4 e5 13. Bg3 Qa5 14. c4 Nxc5 15.
Nxc5 Qxc5 16. cxd5 cxd5 17. Rc1 Qa5 18. a3 Be6 19. Bg4 f5 20. Be2 Rec8 21. Qb3
Rab8 22. Rxc8+ Rxc8 23. Qb7 Qc7 24. Qxa6 Bf7 25. b4 f4 26. exf4 exf4 27. Bh4 Re8
28. Bf3 h6 29. Bf6 Re6 30. Qa8+ Re8 31. Qa6 Re6 32. Qa8+ Re8 33. Qa6 1/2-1/2

[Event "Titled Tue 1st Jul Late"]
[Site "chess.com INT"]
[Date "2025.07.01"]
[Round "9"]
[White "Gutierrez Carmona, Juan Alejandro"]
[Black "Andrade, Ivan"]
[Result "0-1"]
[WhiteTitle "FM"]
[BlackTitle "FM"]
[WhiteElo "2036"]
[BlackElo "2144"]
[WhiteFideId "5106770"]
[BlackFideId "14800039"]
[EventDate "2025.07.01"]

1. e4 c5 2. Nf3 d6 3. d4 cxd4 4. Nxd4 Nf6 5. Nc3 a6 6. Be3 Ng4 7. Bc1 Nf6 8. Be3
Ng4 9. Bc1 Ne5 10. f4 Nec6 11. Nf3 g6 12. Bc4 Bg7 13. Be3 O-O 14. Qd2 b5 15. Bb3
Be6 16. Bxe6 fxe6 17. O-O b4 18. Nd1 Nd7 19. c4 h6 20. Nd4 Nxd4 21. Bxd4 e5 22.
fxe5 Rxf1+ 23. Kxf1 Nxe5 24. Ne3 Qf8+ 25. Kg1 Qf4 26. Nd5 Qxe4 27. Nxe7+ Kh7 28.
Bxe5 Bxe5 29. h3 Qxc4 30. Rf1 Ra7 31. Nxg6 Kxg6 32. Qd1 Qd4+ 33. Qxd4 Bxd4+ 34.
Kh2 Bxb2 35. Rd1 Be5+ 36. g3 a5 37. Kg2 a4 38. h4 b3 39. Kh3 bxa2 40. g4 a1=Q
41. h5+ Kg5 42. Rxa1 Bxa1 43. Kh2 Be5+ 44. Kg2 Rf7 45. Kg1 a3 46. Kh1 a2 47. Kg2
a1=Q 48. Kh3 Qh1# 0-1

[Event "Titled Tue 1st Jul Late"]
[Site "chess.com INT"]
[Date "2025.07.01"]
[Round "9"]
[White "Hilwerda, Jonas"]
[Black "Lezcano, Gustavo"]
[Result "1-0"]
[WhiteTitle "FM"]
[WhiteElo "2254"]
[BlackElo "2007"]
[WhiteFideId "1046713"]
[BlackFideId "103306"]
[EventDate "2025.07.01"]

1. e4 e6 2. d4 d5 3. Bd3 b6 4. e5 Ba6 5. f4 Bxd3 6. Qxd3 Ne7 7. Nf3 c5 8. c3
Nec6 9. a3 Qc8 10. O-O Qa6 11. Qd1 Ne7 12. Be3 Nf5 13. Bf2 h5 14. Nbd2 cxd4 15.
Nxd4 Nxd4 16. Bxd4 Nc6 17. f5 O-O-O 18. fxe6 fxe6 19. Qf3 Qb7 20. Qh3 Qd7 21.
Rf2 Bc5 22. Nb3 Bxd4 23. Nxd4 Nxd4 24. cxd4 g5 25. Raf1 g4 26. Qd3 Qa4 27. b3
Qxa3 28. Rf7 Rdf8 29. Qc3+ 1-0

[Event "Titled Tue 1st Jul Late"]
[Site "chess.com INT"]
[Date "2025.07.01"]
[Round "9"]
[White "Becking, Stephan"]
[Black "Zierk, Steven"]
[Result "1-0"]
[WhiteTitle "IM"]
[BlackTitle "GM"]
[WhiteElo "2410"]
[BlackElo "2489"]
[WhiteFideId "4632478"]
[BlackFideId "2034255"]
[EventDate "2025.07.01"]

1. d4 Nf6 2. Nf3 d5 3. c3 Bf5 4. Qb3 Qc8 5. Bf4 e6 6. e3 Nbd7 7. Nbd2 Bd6 8. Bg3
O-O 9. Be2 a5 10. a3 Re8 11. O-O Bxg3 12. hxg3 e5 13. Nxe5 Nxe5 14. dxe5 Rxe5
15. Nf3 Re7 16. Rad1 c6 17. c4 Be6 18. Qc2 Bg4 19. cxd5 Nxd5 20. Rd4 Bf5 21. Bd3
Bxd3 22. Qxd3 h6 23. Rd1 Qc7 24. Qc4 Qb6 25. R4d2 Rae8 26. Nd4 g6 27. Rc2 h5 28.
Qc5 Qc7 29. Nf3 Re4 30. Qxd5 1-0

[Event "Titled Tue 1st Jul Late"]
[Site "chess.com INT"]
[Date "2025.07.01"]
[Round "9"]
[White "Ribeiro, Gustavo"]
[Black "Goryachkina, Aleksandra"]
[Result "0-1"]
[WhiteTitle "FM"]
[BlackTitle "GM"]
[WhiteElo "2314"]
[BlackElo "2533"]
[WhiteFideId "1941852"]
[BlackFideId "4147103"]
[EventDate "2025.07.01"]

1. e4 c5 2. Nf3 d6 3. Bb5+ Bd7 4. a4 g6 5. O-O Bg7 6. Re1 Nc6 7. Nc3 Rc8 8. d3
Nd4 9. Bxd7+ Qxd7 10. Be3 Nxf3+ 11. Qxf3 Nf6 12. d4 Ng4 13. dxc5 Bxc3 14. bxc3
Nxe3 15. Qxe3 Rxc5 16. e5 O-O 17. exd6 exd6 18. Red1 Qc6 19. Rd3 Re8 20. Qg3
Qxa4 21. Rad1 Qxc2 22. h4 Rxc3 23. R3d2 Qxd1+ 24. Rxd1 Rxg3 25. fxg3 0-1

[Event "Titled Tue 1st Jul Late"]
[Site "chess.com INT"]
[Date "2025.07.01"]
[Round "9"]
[White "Santos, Antonio P"]
[Black "Klys, Kacper"]
[Result "0-1"]
[WhiteTitle "FM"]
[BlackTitle "CM"]
[WhiteElo "2165"]
[BlackElo "2218"]
[WhiteFideId "1900161"]
[BlackFideId "21005281"]
[EventDate "2025.07.01"]

1. d4 d6 2. c4 e5 3. d5 a5 4. Nc3 Na6 5. e4 Nc5 6. Bd3 g6 7. Nge2 Bg7 8. O-O Ne7
9. Bc2 O-O 10. a3 f5 11. Bg5 f4 12. b4 axb4 13. axb4 Rxa1 14. Qxa1 Na6 15. Qa3
h6 16. Bxe7 Qxe7 17. f3 g5 18. h3 h5 19. Nd1 g4 20. fxg4 hxg4 21. hxg4 Bxg4 22.
Nc1 Qh4 23. Nf2 Bd7 24. Bd1 Bf6 25. Be2 Kf7 26. c5 Rh8 27. Rd1 Qh2+ 28. Kf1 Rg8
29. Bf3 Bb5+ 30. Ncd3 Bh4 31. Ke2 Rxg2 32. Bxg2 Qxg2 33. Rf1 Bxf2 34. Rxf2 Qxe4+
35. Kd2 Qe3+ 0-1

[Event "Titled Tue 1st Jul Late"]
[Site "chess.com INT"]
[Date "2025.07.01"]
[Round "9"]
[White "Itkis, Boris"]
[Black "Angulo Perez, Sebastian"]
[Result "1-0"]
[WhiteTitle "IM"]
[BlackTitle "CM"]
[WhiteElo "2270"]
[BlackElo "2025"]
[WhiteFideId "1209167"]
[BlackFideId "6544045"]
[EventDate "2025.07.01"]

1. e4 c6 2. d4 d5 3. e5 Bf5 4. h4 h5 5. Bg5 Qb6 6. Bd3 Bxd3 7. Qxd3 e6 8. Nd2
Be7 9. Bxe7 Nxe7 10. c4 Nd7 11. Ne2 O-O-O 12. O-O Kb8 13. b4 Qxb4 14. Rfb1 Qa5
15. Nb3 dxc4 16. Qxc4 Qd5 17. Qc3 Nb6 18. Nc5 Nf5 19. Rb4 Rh6 20. Nf4 Nxd4 21.
Nxd5 Ne2+ 22. Kh2 Nxc3 23. Nxc3 Rg6 24. g3 Kc7 25. N3e4 Rg4 26. f3 Rd2+ 27. Kh3
f5 28. exf6 gxf6 29. fxg4 hxg4+ 30. Kxg4 f5+ 31. Kg5 fxe4 32. Nxe4 Rd7 33. Rxb6
axb6 34. h5 Rg7+ 35. Kf6 Rg4 36. h6 Rg8 37. h7 Rh8 38. Kg7 Rd8 39. h8=Q Rxh8 40.
Kxh8 Kd7 41. Kg7 c5 42. Kf6 c4 43. Rc1 b5 44. Ke5 Kc6 45. Kxe6 b6 46. g4 Kb7 47.
g5 Ka6 48. Kd5 Ka5 49. Kc6 Ka4 50. Kxb6 Kb4 51. g6 Ka3 52. Kxb5 c3 53. Rxc3+
Kxa2 54. Rf3 Ka1 55. g7 Ka2 56. g8=Q+ Ka1 57. Qg2 Kb1 58. Rf1# 1-0